01717nab a2200289uuc4500001000800000005001700008008004100025035001200066040001300078041000800091100003500099245005800134520072800192650003200920650003100952650001300983650001100996650001601007700003101023700003401054700003301088700003401121700003401155700003601189773013801225856006401363134062620240826113654.0130821e20121205 eng  a1340626 ccomduadb aeng10aOliveira, Ronaldo L.4auteaut10aBiodiesel industry by-products used for ruminant feed3 aEl uso de los subproductos de la industria de biodiesel para alimentar a los rumiantes parece ser una excelente alternativa, que puede contribuir al aumento de las actividades agrícolas en términos de productividad y rentabilidad. Entre los sub-productos, las tortas de semillas oleaginosas tienen un gran potencial debido a los importantes niveles de proteínas y lípidos que las caracterizan como alimentos proteicos o energéticos capaces de satisfacer las necesidades nutricionales de los animales. Así, los estudios que tienen como objetivo determinar los niveles óptimos de tortas de semillas oleaginosas en los piensos para rumiantes son importantes para maximizar el uso potencial de estos subproductos. aAlimentación de rumiantes 7aSemillas oleaginosas2lemb aCaprinos 0aOvinos aBiodiésel10aLeao, André G.4auteaut10aRibeiro, Ossival L.4auteaut10aBorja, Máikal S.4auteaut10aPinheiro, Alyson A.4auteaut10aOliveira, Renata L.4auteaut10aSantana, Marcia C. A.4auteaut0 tRevista Colombiana de Ciencias Pecuarias (Medellín)gVolumen 25, Número 04, Diciembre 2012, p. 625-638w315324x0120-069001077344 uhttp://rccp.udea.edu.co/index.php/ojs/issue/view/53/showToc